Compilers : Principles, techniques and tools (Record no. 180202)

MARC details
000 -LEADER
fixed length control field 00403nam a2200157Ia 4500
008 - FIXED-LENGTH DATA ELEMENTS--GENERAL INFORMATION
fixed length control field 230917s9999||||xx |||||||||||||| ||und||
040 ## - CATALOGING SOURCE
-- 229170
Original cataloging agency VIVEKANANDA LIBRARY
041 ## - Language
-- English
082 ## - DDC NUMBER
Classification number 005.453 A68C(2)
100 ## - MAIN ENTRY--PERSONAL NAME
Personal name Aho, Alfred V
245 #0 - TITLE STATEMENT
Title Compilers : Principles, techniques and tools
250 ## - EDITION STATEMENT
Edition statement 2nd ed.
260 ## - PUBLICATION, DISTRIBUTION, ETC. (IMPRINT)
Place of publication, distribution, etc New Delhi
Name of publisher, distributor, etc Pearson Education
Date of publication, distribution, etc 2014
300 ## - PHYSICAL DESCRIPTION
Pages 948 p.
942 ## - ADDED ENTRY ELEMENTS (KOHA)
Koha item type Books
Holdings
Withdrawn status Lost status Damaged status Not for loan Location (home branch) Sublocation or collection (holding branch) Shelving location Date acquired Koha issues (times borrowed) Koha full call number Accession No. Koha date last seen Koha item type
        VIVEKANANDA LIBRARY VIVEKANANDA LIBRARY UIET Library 30/10/2015   005.453 A68C(2) 349097 17/09/2023 Books
        VIVEKANANDA LIBRARY VIVEKANANDA LIBRARY UIET Library 30/10/2015   005.453 A68C(2) 349098 17/09/2023 Books
        VIVEKANANDA LIBRARY VIVEKANANDA LIBRARY UIET Library 30/10/2015 2 005.453 A68C(2) 349099 04/01/2024 Books
        VIVEKANANDA LIBRARY VIVEKANANDA LIBRARY UIET Library 30/10/2015   005.453 A68C(2) 349100 17/09/2023 Books
        VIVEKANANDA LIBRARY VIVEKANANDA LIBRARY UIET Library 30/10/2015 2 005.453 A68C(2) 349101 28/11/2023 Books
        VIVEKANANDA LIBRARY VIVEKANANDA LIBRARY UIET Library 30/10/2015 1 005.453 A68C(2) 349102 01/12/2023 Books
        VIVEKANANDA LIBRARY VIVEKANANDA LIBRARY UIET Library 30/10/2015 1 005.453 A68C(2) 349103 23/12/2023 Books
        VIVEKANANDA LIBRARY VIVEKANANDA LIBRARY UIET Library 30/10/2015 3 005.453 A68C(2) 349104 30/09/2024 Books
        VIVEKANANDA LIBRARY VIVEKANANDA LIBRARY UIET Library 30/10/2015 1 005.453 A68C(2) 349105 21/08/2024 Books
© Designed and Maintained by Vivekananda Library, MDU Rohtak